000 01164nam a22002417a 4500
005 20110708111942.0
008 110708t xxu||||| |||| 00| 0 mar d
010 _aMAR-21046
020 _a9788174345349
_c200.00
035 _aMR-13704
037 _bDBAD/PUB
040 _aDPL
_bMR
082 _a941.081092
100 _aबसू,श्रावणी
_929276
245 _aव्हिक्टोरिया आणि अब्दुल /
_cश्रावणी बसू ; करूणा गोखले द्वारा अनुवादित
246 _aVictoria and Abdul
_bby Shrabani Basu
260 _aपुणे
_bराजहँस प्रकाशन
_c2011
270 _a1025,सदाशिव पेठ
_bपुणे
_e411030
300 _a248पृ.
_c22सेमी(अजिल्द)
_bसचित्र
700 _aगोखले,करूणा
_929298
942 _2ddc
_cMR
_mबसूश्रा
_h941.081092
999 _c53665
_d53665